[Event "Titled Tue 26th Aug Early"]
[Site "chess.com INT"]
[Date "2025.08.26"]
[Round "6"]
[White "Arya G Mallar"]
[Black "Unsal, Gorkem"]
[Result "0-1"]
[WhiteTitle "WCM"]
[BlackTitle "CM"]
[WhiteElo "2112"]
[BlackElo "2145"]
[WhiteFideId "25115324"]
[BlackFideId "51607484"]
[EventDate "2025.08.26"]

1. d4 d5 2. Nf3 Nf6 3. Bf4 c5 4. e3 Nc6 5. Nbd2 Bf5 6. dxc5 e6 7. Nd4 Bxc5 8.
Nxf5 exf5 9. Nb3 Bb6 10. Bd3 Ne4 11. Qh5 g6 12. Qh6 Qf6 13. O-O a5 14. a4 O-O-O
15. Bxe4 dxe4 16. Bg5 Qxb2 17. Bxd8 Bxd8 18. Rab1 Qe5 19. Rfd1 Bc7 20. Nd4 Nb4
21. Rb3 Rd8 22. Rdb1 f4 23. c3 Nd5 24. Rxb7 Nxc3 25. Nc6 Nxb1 26. Qh3+ Qe6 27.
Qxe6+ fxe6 28. Nxd8 Nc3 29. Rb3 Nxa4 30. Nxe6 fxe3 31. fxe3 Kd7 32. Nd4 Nc5 33.
Ra3 a4 34. Kf2 Ba5 35. Nb5 Bb4 36. Ra2 Kc6 37. Ke2 Kxb5 38. g4 a3 39. h4 Ka4 0-1

[Event "Titled Tue 26th Aug Early"]
[Site "chess.com INT"]
[Date "2025.08.26"]
[Round "6"]
[White "Fronda, Jan Jodilyn"]
[Black "Morozov, Egor"]
[Result "0-1"]
[WhiteTitle "WIM"]
[BlackTitle "FM"]
[WhiteElo "2115"]
[BlackElo "2291"]
[WhiteFideId "5204585"]
[BlackFideId "24102121"]
[EventDate "2025.08.26"]

1. e4 c5 2. c3 d5 3. exd5 Qxd5 4. d4 Nf6 5. Nf3 g6 6. Nbd2 cxd4 7. Bc4 Qd8 8.
Qb3 e6 9. Nxd4 Bg7 10. O-O O-O 11. N2f3 Nbd7 12. Bg5 Nc5 13. Qc2 Qc7 14. Rad1 a6
15. Rfe1 Nce4 16. Bf1 Nxg5 17. Nxg5 b5 18. h3 h6 19. Ngf3 Bb7 20. Ne5 Rfe8 21.
Nxg6 fxg6 22. Qxg6 Qf7 23. Qg3 Ne4 24. Qe3 Nc5 25. Nc2 Na4 26. Rb1 Rad8 27. Qg3
Rd2 28. Ne3 Be4 29. Ng4 Bg6 30. Rbd1 Rxd1 31. Rxd1 Nxb2 32. Rd2 Nc4 33. Rd1 h5
34. Nh2 Be5 35. Qg5 Qf6 36. Qh6 Bf4 37. Ng4 hxg4 38. Qxg6+ Qxg6 0-1

[Event "Titled Tue 26th Aug Early"]
[Site "chess.com INT"]
[Date "2025.08.26"]
[Round "6"]
[White "Liang, Awonder"]
[Black "Andreikin, Dmitry"]
[Result "0-1"]
[WhiteTitle "GM"]
[BlackTitle "GM"]
[WhiteElo "2696"]
[BlackElo "2695"]
[WhiteFideId "2056437"]
[BlackFideId "4158814"]
[EventDate "2025.08.26"]

1. b3 d5 2. Bb2 Nf6 3. e3 Bf5 4. d3 Nbd7 5. Nd2 e5 6. Ngf3 Bd6 7. g3 h6 8. Bg2
c6 9. h3 a5 10. a3 Qe7 11. O-O O-O 12. Qe2 Bh7 13. Rfe1 Rfe8 14. Nh4 e4 15. dxe4
dxe4 16. Nc4 Bc7 17. g4 b5 18. Nd2 Qd6 19. Nf1 Qe6 20. Ng3 Be5 21. Bxe5 Qxe5 22.
Rad1 a4 23. Nhf5 axb3 24. cxb3 Rxa3 25. Qc2 c5 26. Nd6 Rb8 27. Ndxe4 Kh8 28. f4
Qe7 29. f5 Nxe4 30. Qxe4 Ne5 31. Rd5 f6 32. Red1 Bg8 33. Rd7 Qf8 34. Nh5 Nxd7
35. Rxd7 Rd8 36. Nf4 Bf7 37. Ne6 Bxe6 38. fxe6 Qe8 39. Qd5 Rxd7 40. Qxd7 Qxd7
41. exd7 Ra1+ 42. Kf2 Rd1 43. Bc6 c4 44. Ke2 Rd6 0-1

[Event "Titled Tue 26th Aug Early"]
[Site "chess.com INT"]
[Date "2025.08.26"]
[Round "6"]
[White "Feuerstack, Aljoscha"]
[Black "Yeletsky, Ivan"]
[Result "0-1"]
[WhiteTitle "IM"]
[BlackTitle "FM"]
[WhiteElo "2449"]
[BlackElo "2469"]
[WhiteFideId "4681932"]
[BlackFideId "24180327"]
[EventDate "2025.08.26"]

1. e4 Nc6 2. Nc3 e5 3. Bc4 Nf6 4. d3 Na5 5. Qf3 Bc5 6. Nge2 h6 7. O-O O-O 8. Qg3
d6 9. Bxh6 Nh5 10. Qg6 Nxc4 11. Qxh5 gxh6 12. dxc4 Qg5 13. Qxg5+ hxg5 14. Ng3
Kg7 15. Rad1 Be6 16. b3 g4 17. Nd5 Bxd5 18. Rxd5 Rh8 19. c3 a5 20. Rb1 Kf6 21.
Rd3 Kg5 22. Re1 Rh7 23. Nf1 f5 24. exf5 Kxf5 25. Rg3 Rah8 26. Rb1 Rh4 27. b4
axb4 28. cxb4 Bd4 29. a4 e4 30. a5 Be5 31. b5 Bxg3 32. Nxg3+ Ke5 33. Re1 Kd4 34.
Rxe4+ Kc5 35. Rf4 Rxh2 36. a6 bxa6 37. bxa6 R2h7 38. Rxg4 Kb6 39. f4 Kxa6 40. f5
Kb6 41. Rf4 Rg7 42. Kf2 Rhg8 0-1

[Event "Titled Tue 26th Aug Early"]
[Site "chess.com INT"]
[Date "2025.08.26"]
[Round "6"]
[White "Sarana, Alexey"]
[Black "Srihari, L"]
[Result "1-0"]
[WhiteTitle "GM"]
[BlackTitle "IM"]
[WhiteElo "2691"]
[BlackElo "2368"]
[WhiteFideId "24133795"]
[BlackFideId "46642056"]
[EventDate "2025.08.26"]

1. d4 d5 2. c4 e6 3. Nc3 a6 4. cxd5 exd5 5. Qb3 Nf6 6. Bg5 c6 7. e4 dxe4 8. Bc4
Qe7 9. a4 h6 10. Bxf6 gxf6 11. Nge2 f5 12. O-O Bg7 13. f3 e3 14. f4 O-O 15. Rf3
Nd7 16. Nd1 Nf6 17. Nxe3 Ne4 18. Qc2 Be6 19. Bd3 Bd5 20. Nxf5 Qe6 21. Nxg7 Kxg7
22. f5 Qe7 23. Re3 Qg5 24. Rxe4 Bxe4 25. Bxe4 Qe3+ 26. Kh1 Rfe8 27. Ng3 Rad8 28.
Rf1 Rxd4 29. f6+ Kh8 30. Bf3 Rf4 31. Nh5 Rh4 32. Qf5 Qf2 33. Qb1 Qc5 34. g4 Qe5
35. Qc2 Rd8 36. Qf2 Qg5 37. Re1 Rh3 38. Qe2 Qh4 39. Qe8+ 1-0

[Event "Titled Tue 26th Aug Early"]
[Site "chess.com INT"]
[Date "2025.08.26"]
[Round "6"]
[White "Omariev, Maksim"]
[Black "Waldhausen Gordon, Frederick"]
[Result "0-1"]
[WhiteTitle "FM"]
[BlackTitle "FM"]
[WhiteElo "2304"]
[BlackElo "2393"]
[WhiteFideId "4193423"]
[BlackFideId "2409143"]
[EventDate "2025.08.26"]

1. b3 d5 2. Bb2 Nf6 3. e3 g6 4. Nf3 Bg7 5. Be2 O-O 6. O-O c5 7. c4 d4 8. exd4
Nh5 9. Ne5 cxd4 10. Nd3 Bf5 11. Na3 Nc6 12. Nc2 e5 13. Ncb4 Nxb4 14. Nxb4 Nf4
15. d3 Qg5 16. g3 Bh3 17. Bc1 Nxe2+ 18. Qxe2 Bxf1 19. Kxf1 Qf5 20. Nd5 Qh3+ 21.
Kg1 f5 22. Ba3 Rf7 23. Bd6 e4 24. Re1 Re8 25. Nc7 Rd8 26. Bf4 Bh6 27. Ne6 Re8
28. Bxh6 Qxh6 29. Nxd4 Rd7 30. Nb5 a6 31. Nc3 Rxd3 32. Qxd3 exd3 33. Rxe8+ Kf7
34. Rd8 Qc1+ 35. Kg2 Qxc3 36. Rd7+ Ke6 37. Rxb7 d2 38. Rb6+ Kd7 39. Rb7+ Kc6 40.
Rxh7 d1=Q 41. Kh3 Qf1+ 0-1

[Event "Titled Tue 26th Aug Early"]
[Site "chess.com INT"]
[Date "2025.08.26"]
[Round "6"]
[White "Sobek, Jaroslav"]
[Black "Carroll, Peter"]
[Result "0-1"]
[WhiteTitle "FM"]
[BlackTitle "FM"]
[WhiteElo "2195"]
[BlackElo "2167"]
[WhiteFideId "301388"]
[BlackFideId "2510243"]
[EventDate "2025.08.26"]

1. d4 Nf6 2. c4 b6 3. Nc3 Bb7 4. Qc2 d5 5. cxd5 Nxd5 6. e4 Nxc3 7. bxc3 g6 8. h4
h5 9. Bd3 Bg7 10. Nf3 Nd7 11. Ng5 c5 12. O-O Rc8 13. Qb3 O-O 14. e5 Nxe5 15. Be2
c4 16. Qb4 Nd3 17. Qa4 a5 18. Be3 e6 19. Qc2 Qd5 20. Bf3 Qd7 21. Bxb7 Qxb7 22.
Rab1 b5 23. a3 Qd5 24. Rfd1 Rc6 25. Qa2 Rb8 26. Rd2 Qf5 27. Nf3 Qe4 28. Rbd1 Kh7
29. Qc2 Bh6 30. Ng5+ Bxg5 31. Bxg5 Qf5 32. Re2 f6 33. Be3 Qg4 34. g3 Nf4 35. Rf1
Nxe2+ 36. Kh2 e5 37. Qd2 exd4 38. Bxd4 Nxd4 39. cxd4 Rd6 40. d5 Rbd8 41. Qc3 Kg7 0-1

[Event "Titled Tue 26th Aug Early"]
[Site "chess.com INT"]
[Date "2025.08.26"]
[Round "6"]
[White "Zeliantsova, Kseniya"]
[Black "Krysa, Leandro"]
[Result "0-1"]
[WhiteTitle "WFM"]
[BlackTitle "GM"]
[WhiteElo "2062"]
[BlackElo "2468"]
[WhiteFideId "13512617"]
[BlackFideId "116807"]
[EventDate "2025.08.26"]

1. e4 c5 2. Nf3 Nc6 3. Bb5 d6 4. O-O Bd7 5. c3 Nf6 6. Re1 a6 7. Ba4 b5 8. Bc2
Bg4 9. h3 Bxf3 10. Qxf3 g6 11. a4 Rb8 12. axb5 axb5 13. d3 Bg7 14. Be3 Nd7 15.
Nd2 O-O 16. Qg3 b4 17. Ba4 Qc7 18. Rac1 bxc3 19. bxc3 Nde5 20. Bc2 Qa5 21. d4
cxd4 22. cxd4 Nxd4 23. Bxd4 Qxd2 24. Be3 Qa5 25. Qh4 Rfc8 26. Bb1 Bf6 27. Qg3
Qa3 28. f4 Nd3 29. Bxd3 Qxd3 30. Bf2 Qxg3 31. Bxg3 Bd4+ 32. Kh2 Rxc1 33. Rxc1 f5
34. e5 dxe5 35. fxe5 Rb3 36. h4 Kf7 37. Rc4 Rd3 38. Rc8 Re3 39. Rh8 Kg7 40. Re8
Bxe5 41. Rxe7+ Kf6 42. Rxe5 Rxe5 43. Bxe5+ Kxe5 44. Kg3 Ke4 45. Kh3 Kf4 46. Kh2
Kg4 47. g3 f4 48. gxf4 Kxh4 49. Kg2 Kg4 0-1

[Event "Titled Tue 26th Aug Early"]
[Site "chess.com INT"]
[Date "2025.08.26"]
[Round "6"]
[White "Kosakowski, Jakub"]
[Black "Brodowski, Piotr"]
[Result "1-0"]
[WhiteTitle "GM"]
[BlackTitle "IM"]
[WhiteElo "2542"]
[BlackElo "2457"]
[WhiteFideId "1185080"]
[BlackFideId "1124480"]
[EventDate "2025.08.26"]

1. e4 d6 2. d4 g6 3. Nf3 Bg7 4. h3 Nf6 5. Bd3 Nc6 6. c3 O-O 7. O-O Nd7 8. Re1 e5
9. d5 Ne7 10. c4 a5 11. Nc3 h6 12. a3 f5 13. Rb1 f4 14. b4 axb4 15. axb4 Nf6 16.
c5 g5 17. Nh2 Ng6 18. Be2 Nh4 19. Bd2 Bd7 20. Rc1 Qe8 21. g3 fxg3 22. fxg3 Ng6
23. Ng4 Ra3 24. Nxf6+ Rxf6 25. Bg4 Bxg4 26. Qxg4 Qf8 27. Rf1 dxc5 28. Rxf6 Bxf6
29. Rf1 cxb4 30. Nb5 Ra2 31. Qe6+ Kg7 32. Nxc7 Rxd2 33. Ne8+ Kh7 34. Nxf6+ Kh8
35. Ng4 Qg8 36. Qf6+ Kh7 37. Qb6 Rd3 38. Nf6+ Kh8 39. Nxg8 Rxg3+ 40. Kh2 1-0

[Event "Titled Tue 26th Aug Early"]
[Site "chess.com INT"]
[Date "2025.08.26"]
[Round "6"]
[White "Bahmani, Koorosh"]
[Black "Donoso Aguirre, Maximiliano"]
[Result "1-0"]
[WhiteTitle "CM"]
[BlackTitle "CM"]
[WhiteElo "2205"]
[BlackElo "1978"]
[WhiteFideId "42576750"]
[BlackFideId "3458920"]
[EventDate "2025.08.26"]

1. Nf3 d5 2. g3 e6 3. Bg2 Nf6 4. O-O Be7 5. d4 Bd7 6. b3 c5 7. Bb2 Nc6 8. dxc5
Bxc5 9. Nbd2 O-O 10. c4 a5 11. cxd5 Nxd5 12. Rc1 Ba7 13. Nc4 h6 14. e4 Nf6 15.
Qe2 Re8 16. Rfd1 Qe7 17. Ba3 Nb4 18. Nce5 Bc6 19. Nxc6 bxc6 20. Nd4 Bxd4 21.
Rxd4 e5 22. Rdc4 Rec8 23. Bxb4 axb4 24. Rxc6 Rxc6 25. Rxc6 Qa7 26. Rc2 Rd8 27.
Rd2 Rc8 28. Rc2 Rd8 29. Bf3 Rd4 30. Kg2 g6 31. Rc4 Kg7 32. Qc2 Qd7 33. Rc7 Qe6
34. Rc8 Qd6 35. Rc6 Qd8 36. Qc5 Qe8 37. Rc8 Qe6 38. Qf8+ Kh7 39. Qh8# 1-0

[Event "Titled Tue 26th Aug Early"]
[Site "chess.com INT"]
[Date "2025.08.26"]
[Round "6"]
[White "Imomkuzieva, Nilufarkhon"]
[Black "Zouaghi, Amir"]
[Result "0-1"]
[WhiteTitle "WFM"]
[BlackTitle "FM"]
[WhiteElo "2105"]
[BlackElo "2301"]
[WhiteFideId "14216736"]
[BlackFideId "249262"]
[EventDate "2025.08.26"]

1. e4 e5 2. Nf3 Nc6 3. Bc4 Nf6 4. d3 h6 5. O-O d6 6. a4 a6 7. Nc3 g5 8. Bd2 g4
9. Ne1 h5 10. Nd5 Be6 11. f4 Bxd5 12. exd5 Nb8 13. fxe5 dxe5 14. Bg5 Be7 15. Qe2
Nbd7 16. d4 e4 17. c3 Rg8 18. Bh4 Nb6 19. Bxf6 Bxf6 20. Qxe4+ Be7 21. d6 Nxc4
22. dxe7 Qxe7 23. Qxb7 Rd8 24. Nc2 Nd6 25. Qc6+ Kf8 26. Rae1 Qd7 27. Qxa6 h4 28.
Rf6 h3 29. Ne3 g3 30. Qd3 gxh2+ 31. Kxh2 hxg2 32. Nxg2 Qg4 33. Qf3 Qg5 34. Re5
Rh8+ 35. Kg1 Qc1+ 36. Qf1 Qxb2 37. Rd5 Qxc3 38. Rf3 Qd2 39. a5 Qa2 40. a6 Qxd5
41. a7 Qxd4+ 42. Rf2 Qxa7 0-1

[Event "Titled Tue 26th Aug Early"]
[Site "chess.com INT"]
[Date "2025.08.26"]
[Round "6"]
[White "Ng, Clive"]
[Black "Matveeva, Olga"]
[Result "1-0"]
[WhiteTitle "FM"]
[BlackTitle "WIM"]
[WhiteElo "2006"]
[BlackElo "2132"]
[WhiteFideId "3214869"]
[BlackFideId "24107018"]
[EventDate "2025.08.26"]

1. e4 c6 2. d4 d5 3. exd5 cxd5 4. Bd3 Nf6 5. c3 Nc6 6. Bf4 Bg4 7. Qb3 Qd7 8. Nd2
e6 9. Ngf3 Bxf3 10. Nxf3 Bd6 11. Bxd6 Qxd6 12. O-O O-O 13. Rae1 Qc7 14. Ne5 Nxe5
15. Rxe5 Rac8 16. h3 a6 17. Bb1 b5 18. a3 Qc4 19. Qc2 a5 20. Rh5 g6 21. Re5 b4
22. axb4 axb4 23. Re3 Ne4 24. Qd1 bxc3 25. Bxe4 dxe4 26. bxc3 Rfd8 27. Qg4 Qd5
28. Rc1 f5 29. Qf4 Rc4 30. h4 Qd6 31. Qg5 Rdc8 32. h5 Kg7 33. hxg6 hxg6 34. Rh3
Qf8 35. Qh6+ Kf7 36. Qf4 Qg7 37. Qd6 R8c7 38. Rb1 g5 39. Rb8 R4c6 40. Qd8 Re7
41. Rh8 Kg6 42. Rg8 Rxc3 43. Qxe7 Rc1+ 44. Kh2 1-0

[Event "Titled Tue 26th Aug Early"]
[Site "chess.com INT"]
[Date "2025.08.26"]
[Round "6"]
[White "Grot, Blazej"]
[Black "Zakarian, David"]
[Result "0-1"]
[WhiteTitle "CM"]
[BlackTitle "FM"]
[WhiteElo "2207"]
[BlackElo "2301"]
[WhiteFideId "21835845"]
[BlackFideId "13301276"]
[EventDate "2025.08.26"]

1. e4 c5 2. Nf3 a6 3. g3 b5 4. Bg2 Bb7 5. O-O Bxe4 6. Re1 Bb7 7. d4 cxd4 8. Qxd4
Nf6 9. Bg5 e6 10. Nc3 Be7 11. Rad1 O-O 12. Qd2 d5 13. Ne5 Nbd7 14. h4 Nxe5 15.
Rxe5 Nd7 16. Ree1 Bxg5 17. hxg5 Rc8 18. a3 Nb6 19. b3 Qc7 20. Re3 Rfd8 21. Ne2
Qxc2 22. Qd4 Qc5 23. Qe5 Qd6 24. Qd4 Nd7 25. Qb2 e5 26. Nc3 Nb6 27. Red3 Qc6 28.
Nxd5 Nxd5 29. Bxd5 Qb6 30. Qxe5 Bxd5 31. Rxd5 Re8 32. Qf4 Qg6 33. Rd6 Qc2 34.
Rd7 Qxb3 35. Kh2 Rf8 36. R1d6 Qxa3 37. Ra7 a5 38. Rdd7 Qa2 39. Qf5 b4 40. Rxf7
Rxf7 0-1

[Event "Titled Tue 26th Aug Early"]
[Site "chess.com INT"]
[Date "2025.08.26"]
[Round "6"]
[White "Ozcan, Kaan"]
[Black "Goldin, Roman"]
[Result "1/2-1/2"]
[WhiteTitle "FM"]
[BlackTitle "FM"]
[WhiteElo "2223"]
[BlackElo "2284"]
[WhiteFideId "34566422"]
[BlackFideId "2803860"]
[EventDate "2025.08.26"]

1. d4 Nf6 2. c4 Nc6 3. Nc3 e5 4. d5 Ne7 5. g3 Nf5 6. Bg2 Bc5 7. e3 d6 8. Nge2 a6
9. O-O h5 10. e4 Nd4 11. Nxd4 Bxd4 12. h4 Ng4 13. Qd3 Qf6 14. Nd1 Qg6 15. Ne3
Nxe3 16. Bxe3 Bxe3 17. Qxe3 f5 18. exf5 Bxf5 19. c5 O-O 20. cxd6 cxd6 21. Qb6
Rf7 22. Rac1 Raf8 23. Rc7 Bd3 24. Rxf7 Qxf7 25. Rc1 e4 26. Rc7 Qxd5 27. Rxb7
Qxa2 28. Qxd6 Qb1+ 29. Kh2 Rxf2 30. Qd4 Rxg2+ 31. Kxg2 Qf1+ 32. Kh2 Qe2+ 33. Kg1
Qf1+ 34. Kh2 Qe2+ 35. Kh1 Qf1+ 36. Qg1 Qh3+ 37. Qh2 Qf1+ 38. Qg1 Qh3+ 39. Qh2
Qf1+ 40. Qg1 1/2-1/2

[Event "Titled Tue 26th Aug Early"]
[Site "chess.com INT"]
[Date "2025.08.26"]
[Round "6"]
[White "Kuznetsov, Felix"]
[Black "Thet Naung"]
[Result "1-0"]
[WhiteTitle "FM"]
[BlackTitle "FM"]
[WhiteElo "2171"]
[BlackElo "2267"]
[WhiteFideId "34147990"]
[BlackFideId "13004093"]
[EventDate "2025.08.26"]

1. f4 e5 2. fxe5 d6 3. exd6 Bxd6 4. Nf3 g5 5. d3 g4 6. Nd4 Qh4+ 7. g3 Bxg3+ 8.
hxg3 Qxh1 9. Bf4 Qd5 10. Nb3 Nc6 11. Nc3 Qh5 12. Qd2 Be6 13. O-O-O O-O-O 14. Bg2
Nge7 15. Rh1 Qg6 16. e4 h5 17. Nb5 Rd7 18. Nc5 a6 19. Nxd7 axb5 20. Nc5 h4 21.
Qc3 Rh5 22. Nxe6 Qxe6 23. Kb1 h3 24. Bf1 Ng6 25. Bc1 Qd6 26. Qg7 Qxg3 27. Qxf7
Qd6 28. Be2 Rh4 29. Bg5 Rh8 30. Bxg4+ Kb8 31. Rxh3 Rxh3 32. Bxh3 Qg3 33. Qxg6
Qg1+ 34. Bf1 Qxf1+ 35. Bc1 Qe2 36. Qg8+ Ka7 37. Qb3 Ka6 38. a3 b6 39. Qd5 Kb7
40. Bg5 b4 41. axb4 Qd1+ 42. Bc1 1-0

[Event "Titled Tue 26th Aug Early"]
[Site "chess.com INT"]
[Date "2025.08.26"]
[Round "6"]
[White "Zobel, Christian"]
[Black "Rossi, Maximiliano"]
[Result "0-1"]
[WhiteTitle "CM"]
[WhiteElo "2218"]
[BlackElo "2013"]
[WhiteFideId "16259068"]
[BlackFideId "113425"]
[EventDate "2025.08.26"]

1. d4 d5 2. c4 dxc4 3. Nf3 a6 4. e3 e6 5. a4 Nf6 6. Bxc4 b6 7. O-O Bb7 8. Nc3
Be7 9. Re1 Ne4 10. Bd3 Nxc3 11. bxc3 O-O 12. e4 Nc6 13. Bc2 Re8 14. Qd3 g6 15.
d5 exd5 16. exd5 Na5 17. Rd1 Bf6 18. Bf4 Qd7 19. Rab1 Rad8 20. c4 Ba8 21. c5 Qg4
22. Bxc7 Rxd5 23. Qf1 Rxc5 24. h3 Qh5 25. Bxb6 Rxc2 26. Ne1 Rcc8 27. Qxa6 Nc6
28. Be3 Bg5 29. Bxg5 Qxg5 30. Nf3 Qf4 31. Qf1 Ne5 32. Nxe5 Qxe5 33. f3 Qe3+ 34.
Kh1 Qf4 35. Re1 Rxe1 36. Rxe1 Qg3 37. Rb1 h5 38. Qg1 Re8 39. Qh2 Re1+ 0-1

[Event "Titled Tue 26th Aug Early"]
[Site "chess.com INT"]
[Date "2025.08.26"]
[Round "6"]
[White "Advaitt Srikant Koduri"]
[Black "Fiskaaen, Martin Holten"]
[Result "0-1"]
[WhiteTitle "FM"]
[BlackTitle "FM"]
[WhiteElo "2281"]
[BlackElo "2341"]
[WhiteFideId "25185454"]
[BlackFideId "1550233"]
[EventDate "2025.08.26"]

1. d4 Nf6 2. Nf3 e6 3. Bf4 d5 4. e3 Bd6 5. Bg3 O-O 6. Nbd2 c5 7. c3 Qc7 8. dxc5
Qxc5 9. Bd3 Bxg3 10. hxg3 Nc6 11. e4 dxe4 12. Nxe4 Nxe4 13. Bxe4 h6 14. Qe2 Rd8
15. O-O Bd7 16. Rfd1 Rac8 17. Rd2 Be8 18. Rad1 Qb6 19. g4 Rxd2 20. Rxd2 Rd8 21.
g5 hxg5 22. Nxg5 Rxd2 23. Qxd2 Qc5 24. Bf3 Qe5 25. Ne4 Qc7 26. Qd6 Qb6 27. b3
Qd8 28. Qxd8 Nxd8 29. Nd6 Bc6 30. Bxc6 bxc6 31. b4 Kf8 32. Kf1 a6 33. Ke2 Ke7
34. Ne4 Nb7 35. Kd3 f5 36. Nd2 Nd6 37. a4 e5 38. Nc4 Ke6 39. Nxd6 Kxd6 40. c4 g6
41. Ke3 Ke6 42. f3 Kd6 43. f4 e4 44. Kd4 c5+ 45. bxc5+ Kc6 46. a5 Kc7 47. g3 Kc6
48. g4 Kc7 49. gxf5 gxf5 50. Ke3 Kd7 0-1

[Event "Titled Tue 26th Aug Early"]
[Site "chess.com INT"]
[Date "2025.08.26"]
[Round "6"]
[White "Ruperez Benito, Antonio"]
[Black "Megalios, Konstantinos"]
[Result "0-1"]
[WhiteTitle "FM"]
[BlackTitle "IM"]
[WhiteElo "2328"]
[BlackElo "2383"]
[WhiteFideId "22245049"]
[BlackFideId "4238044"]
[EventDate "2025.08.26"]

1. e4 c6 2. Nc3 d5 3. Nf3 Bg4 4. d4 Nf6 5. h3 Bh5 6. exd5 Bxf3 7. Qxf3 cxd5 8.
Bb5+ Nc6 9. O-O e6 10. Ne2 Qb6 11. a4 a6 12. Bd3 Nxd4 13. Nxd4 Qxd4 14. Be3 Qb4
15. Ra3 Bc5 16. Rb3 Qa5 17. Bh6 O-O 18. Bxa6 Qd8 19. Bxb7 Rxa4 20. Bg5 Be7 21.
Rd1 Ne4 22. Be3 Bf6 23. Bc6 Rc4 24. Bb5 Rxc2 25. Bd3 Rxb2 26. Rxb2 Bxb2 27. Bxe4
dxe4 28. Qe2 Qf6 29. Bc5 Rc8 30. Qxe4 g6 31. Be3 Rd8 32. Rb1 Be5 33. h4 Qf5 34.
Qa4 h5 35. Re1 Bf6 36. g3 Kg7 37. Kg2 Qd5+ 38. Kg1 Qd3 39. Qf4 Rd5 40. Rc1 Rf5
41. Qh6+ Kg8 42. Rc8+ Bd8 43. Bg5 Qd1+ 44. Kg2 Qf3+ 45. Kh3 Qh1# 0-1

[Event "Titled Tue 26th Aug Early"]
[Site "chess.com INT"]
[Date "2025.08.26"]
[Round "6"]
[White "Bardyk, Artem"]
[Black "Dinesh, Rajan M"]
[Result "1-0"]
[WhiteTitle "FM"]
[BlackTitle "CM"]
[WhiteElo "2332"]
[BlackElo "2206"]
[WhiteFideId "34349979"]
[BlackFideId "35060600"]
[EventDate "2025.08.26"]

1. e4 e5 2. Nf3 Nc6 3. Nc3 Nf6 4. a4 Bb4 5. Bd3 O-O 6. O-O Bxc3 7. dxc3 d5 8.
exd5 Qxd5 9. Ng5 Rd8 10. Qe2 h6 11. Bc4 hxg5 12. Bxd5 Nxd5 13. Bxg5 f6 14. Bd2
Bf5 15. c4 Nd4 16. Qh5 Ne7 17. Bb4 Bg6 18. Qg4 Bf5 19. Qh5 Bg6 20. Qh3 Bf5 21.
g4 Ne2+ 22. Kh1 Nf4 23. Qg3 Be4+ 24. f3 Nc6 25. fxe4 Nxb4 26. Rf2 Rd4 27. g5
fxg5 28. c3 Rd3 29. cxb4 Rxg3 30. hxg3 Nd3 31. Rf5 Re8 32. Rd1 g6 33. Rf3 Nxb4
34. Rd7 c5 35. Rff7 Re6 36. Rxb7 Nc6 37. Rg7+ Kh8 38. Rgc7 Rd6 39. Rc8+ Nd8 40.
Rbb8 Kg7 41. Rxd8 Ra6 42. b3 Rf6 43. Rd7+ Kh6 44. Rh8# 1-0

[Event "Titled Tue 26th Aug Early"]
[Site "chess.com INT"]
[Date "2025.08.26"]
[Round "6"]
[White "Karttunen, Mika"]
[Black "Samunenkov, Ihor"]
[Result "0-1"]
[WhiteTitle "IM"]
[BlackTitle "GM"]
[WhiteElo "2490"]
[BlackElo "2548"]
[WhiteFideId "502081"]
[BlackFideId "14187086"]
[EventDate "2025.08.26"]

1. e4 c6 2. d4 d5 3. e5 Bf5 4. h4 h5 5. Bd3 Bxd3 6. Qxd3 Qa5+ 7. Nd2 e6 8. Nf3
Nh6 9. O-O Nf5 10. c4 Be7 11. g3 Na6 12. b3 Rd8 13. c5 b6 14. cxb6 Qxb6 15. Bb2
c5 16. dxc5 Nxc5 17. Qe2 Qa6 18. Qxa6 Nxa6 19. Nd4 Nxd4 20. Bxd4 Bc5 21. Nf3 Ke7
22. a3 Rc8 23. b4 Bb6 24. Bxb6 axb6 25. Nd4 Rc4 26. Nb5 f6 27. Rfe1 Ra8 28. Rad1
Nc7 29. Nd4 Rxa3 30. b5 Kd7 31. Re2 Raa4 32. Nf3 Nxb5 33. exf6 gxf6 34. Rb2 Rab4
35. Ra2 Nc3 36. Ra7+ Rc7 37. Rda1 Rb1+ 38. Rxb1 Nxb1 39. Ra6 Rb7 40. Nd4 Nc3 41.
Nb3 Ne4 42. Kg2 e5 43. f3 Nd6 44. g4 hxg4 45. fxg4 Ke6 46. h5 f5 47. g5 f4 48.
h6 Kf5 0-1

[Event "Titled Tue 26th Aug Early"]
[Site "chess.com INT"]
[Date "2025.08.26"]
[Round "6"]
[White "Purygin, Andrei"]
[Black "Berikkyzy Alanna"]
[Result "0-1"]
[WhiteTitle "FM"]
[BlackTitle "WFM"]
[WhiteElo "2309"]
[BlackElo "2162"]
[WhiteFideId "24111180"]
[BlackFideId "13780719"]
[EventDate "2025.08.26"]

1. e4 c5 2. d4 cxd4 3. c3 dxc3 4. Nxc3 Nc6 5. Nf3 e6 6. Bc4 Bb4 7. O-O Nge7 8.
Bg5 O-O 9. Nd5 f6 10. Nxb4 Nxb4 11. Qb3 Nbc6 12. Bf4 d5 13. exd5 exd5 14. Rad1
Be6 15. Bb5 Bf7 16. Rfe1 Re8 17. Qa3 Ng6 18. Bxc6 bxc6 19. Bg3 Qd7 20. Rc1 Rac8
21. Rxe8+ Rxe8 22. Nd4 h5 23. h4 Qg4 24. Nxc6 Nxh4 25. Bxh4 Qxh4 26. Qxa7 Qg5
27. Qc5 h4 28. Nd4 h3 29. g3 Qe5 30. Qc3 Qe4 31. Nf3 Qf5 32. Nh4 Qe6 33. Kh2 Bh5
34. Qe3 Qd7 35. Qd4 Re4 36. Qd3 Qe6 37. Rc5 Bf7 38. a3 Re1 39. Qf3 Qb6 40. Rc8+
Kh7 41. Qf5+ g6 42. Qd7 Kg7 0-1

[Event "Titled Tue 26th Aug Early"]
[Site "chess.com INT"]
[Date "2025.08.26"]
[Round "6"]
[White "Nassr, Ahmed"]
[Black "Amarasinghe, A A C B"]
[Result "1-0"]
[WhiteTitle "IM"]
[BlackTitle "CM"]
[WhiteElo "2153"]
[BlackElo "1963"]
[WhiteFideId "7904860"]
[BlackFideId "9901809"]
[EventDate "2025.08.26"]

1. d4 Nf6 2. Bf4 e6 3. e3 d5 4. Nd2 c5 5. c3 Nc6 6. Bd3 g6 7. Ngf3 Nh5 8. Bg5
Qb6 9. Rb1 h6 10. Bh4 g5 11. Ne5 Nxe5 12. dxe5 Ng7 13. Bg3 Nf5 14. e4 Nxg3 15.
hxg3 c4 16. Bc2 Bc5 17. Qf3 Bd7 18. b4 Be7 19. a4 Qc7 20. O-O Qxe5 21. exd5 Qxd5
22. Qe2 Bc6 23. Be4 Qxd2 24. Qxd2 Bxe4 25. Rbd1 Bd3 26. Rfe1 O-O-O 27. Qe3 Kb8
28. Qf3 Rhf8 29. a5 a6 30. b5 axb5 31. a6 bxa6 32. Ra1 Rd6 33. Ra5 Bd8 34. Ra3
Bb6 35. Rea1 Bc5 36. Rxa6 Rxa6 37. Rxa6 Kc7 38. Qc6+ Kd8 39. Qxc5 1-0